Detalles MARC
| 000 -LEADER |
| fixed length control field |
03600nam a2200457Ii 4500 |
| 001 - CONTROL NUMBER |
| control field |
DIGTRO05022 |
| 003 - CONTROL NUMBER IDENTIFIER |
| control field |
NyNyDIG |
| 006 - FIXED-LENGTH DATA ELEMENTS--ADDITIONAL MATERIAL CHARACTERISTICS |
| fixed length control field |
m o d |
| 007 - PHYSICAL DESCRIPTION FIXED FIELD--GENERAL INFORMATION |
| fixed length control field |
cr ||||||||||| |
| 008 - FIXED-LENGTH DATA ELEMENTS--GENERAL INFORMATION |
| fixed length control field |
131101s2000 sp ob 001 0 spa d |
| 020 ## - INTERNATIONAL STANDARD BOOK NUMBER |
| International Standard Book Number |
9788498794045 |
| Qualifying information |
(eBook) |
| 020 ## - INTERNATIONAL STANDARD BOOK NUMBER |
| Canceled/invalid ISBN |
8487699480 (obra completa) |
| 020 ## - INTERNATIONAL STANDARD BOOK NUMBER |
| Canceled/invalid ISBN |
9788487699481 (obra completa) |
| 020 ## - INTERNATIONAL STANDARD BOOK NUMBER |
| Canceled/invalid ISBN |
8481644013 (vol. 22) |
| 020 ## - INTERNATIONAL STANDARD BOOK NUMBER |
| Canceled/invalid ISBN |
9788481644012 (vol. 22) |
| 035 ## - SYSTEM CONTROL NUMBER |
| System control number |
(OCoLC)892060399 |
| 040 ## - CATALOGING SOURCE |
| Original cataloging agency |
DGITA |
| Language of cataloging |
eng |
| Description conventions |
pn |
| Transcribing agency |
DGITA |
| 050 14 - LIBRARY OF CONGRESS CALL NUMBER |
| Classification number |
JA84.L3 eBook |
| 245 03 - TITLE STATEMENT |
| Title |
El pensamiento social y político iberoamericano del siglo XIX / |
| Statement of responsibility, etc. |
edición de Arturo Andrés Roig. |
| 250 ## - EDITION STATEMENT |
| Edition statement |
1. ed. |
| 264 #1 - PRODUCTION, PUBLICATION, DISTRIBUTION, MANUFACTURE, AND COPYRIGHT NOTICE |
| Place of production, publication, distribution, manufacture |
Madrid : |
| Name of producer, publisher, distributor, manufacturer |
Editorial Trotta : |
| -- |
Consejo Superior de Investigaciones Cientificas, |
| Date of production, publication, distribution, manufacture, or copyright notice |
2000. |
| 300 ## - PHYSICAL DESCRIPTION |
| Extent |
1 online resource (373 pages) |
| 336 ## - CONTENT TYPE |
| Content type term |
text |
| Content type code |
txt |
| Source |
rdacontent |
| 337 ## - MEDIA TYPE |
| Media type term |
computer |
| Media type code |
c |
| Source |
rdamedia |
| 338 ## - CARRIER TYPE |
| Carrier type term |
online resource |
| Carrier type code |
cr |
| Source |
rdacarrier |
| 490 1# - SERIES STATEMENT |
| Series statement |
Enciclopedia iberoamericana de filosofía ; |
| Volume/sequential designation |
22. |
| 504 ## - BIBLIOGRAPHY, ETC. NOTE |
| Bibliography, etc. note |
Includes bibliographical references and indexes. |
| 505 0# - FORMATTED CONTENTS NOTE |
| Formatted contents note |
Presentación / Arturo Andrés Roig -- Identidad cultural de un continente / Iberoamérica y la América sajona. Desde la doctrina Monroe hasta la Guerra de Cuba / Joaquín Santana Castillo -- El proyecto de unidad continental en el siglo XIX. Realidad y utopía / Estela María Fernández Nadal -- La tradición republicana. Desde los planes monárquicos hasta la consolidación del ideal y la práctica republicanas en Iberoamérica / Carmen L. Bohórquez -- La formación de la conciencia burguesa en Iberoamérica durante el siglo XIX / Beatriz Bragoni -- El surgimiento de los Estados-Nación y las políticas pedagógicas como herramientas de integración social y de control en Iberoamérica en el siglo XIX / Cecilia Sánchez -- Política y lenguaje en el surgimiento de los países iberoamericanos / Arturo Andrés Roig -- La formación de la conciencia social y política de las mujeres en el siglo XIX latinoamericano. Mujeres, política y revolución / Juana Azurduy y Manuela Sáenz / Alejandra Ciriza -- El ideario del antiguo campesinado / La religiosidad popular. Los milenarismos / Alicia M. Barabas -- Las voces de las etnias americanas y el despertar de la población negra / Jorge Núñez Sánchez -- Ideales obreros y socialistas ante los procesos de industrialización y sus efectos en la historia intelectual de América Latina / Salvador E. Morales Pérez -- Las últimas etapas de la Ilustración y el despertar y desarrollo del romanticismo / Alejandro Serrano Caldera -- América en la concepción ilustrada de la historia / Miguel Rojas Mix -- El pensamiento filosófico político de la independencia tardía / Eugenio María de Hostos y José Martí / Liliana Giorgis y Adriana Arpini -- Espiritualismo y positivismo / Hugo E. Biagini -- El liberalismo. Las ideologías constituyentes. El conflicto entre liberales y conservadores / Yamandú Acosta -- Índice analítico. |
| 650 #0 - SUBJECT ADDED ENTRY--TOPICAL TERM |
| Topical term or geographic name entry element |
Political science |
| Geographic subdivision |
Latin America |
| General subdivision |
Philosophy. |
| 650 #0 - SUBJECT ADDED ENTRY--TOPICAL TERM |
| Topical term or geographic name entry element |
Social sciences |
| Geographic subdivision |
Latin America. |
| 651 #0 - SUBJECT ADDED ENTRY--GEOGRAPHIC NAME |
| Geographic name |
Latin America |
| General subdivision |
Civilization |
| -- |
Philosophy. |
| 650 #0 - SUBJECT ADDED ENTRY--TOPICAL TERM |
| Topical term or geographic name entry element |
National characteristics, Latin American. |
| 655 #0 - INDEX TERM--GENRE/FORM |
| Genre/form data or focus term |
Electronic books. |
| 700 1# - ADDED ENTRY--PERSONAL NAME |
| Personal name |
Roig, Arturo Andrés. |
| 791 2# - |
| -- |
Digitalia (Firm), |
| -- |
distributor. |
| 793 0# - |
| -- |
Digitalia eBook Collection: |
| -- |
Trotta Editorial. |
| 830 #0 - SERIES ADDED ENTRY--UNIFORM TITLE |
| Uniform title |
Enciclopedia iberoamericana de filosofía ; |
| Volume/sequential designation |
22. |
| 856 40 - ELECTRONIC LOCATION AND ACCESS |
| Materials specified |
Digitalia Hispánica |
| Uniform Resource Identifier |
<a href="https://www.digitaliapublishing.com/a/18840/">https://www.digitaliapublishing.com/a/18840/</a> |
| 910 ## - USER-OPTION DATA (OCLC) |
| User-option data |
Premium Collection: 2007-2012 |
| 942 ## - ADDED ENTRY ELEMENTS (KOHA) |
| Koha item type |
Recurso Electrónico |